All Planets in Star Wars Rebels - Statistics

General Stats
  • This quiz has been taken 154 times
  • The average score is 9 of 37
Answer Stats
Season Episode Planet % Correct
1 Episode 1-2: Spark of Rebellion Lothal
98%
4 Episode 1-2: Heroes of Mandalore Mandalore
70%
Episode 20: Twin Suns Tatooine
68%
Episode 17: The Honorable Ones Geonosis
60%
Mustafar
52%
Episode 21-22: Twilight of the Apprentice Malachor
50%
Episode 16: Homecoming Ryloth
49%
Episode 13: The Protector of Concord Dawn Concord Dawn
48%
Yavin 4
43%
Atollon
42%
Dathomir
40%
Kessel
39%
Garel
36%
Lira San
30%
Dantooine
20%
Episode 3: The Lost Commanders Seelos
17%
Stygeon Prime
17%
Episode 9: The Wynkahthu Job Wynkahthu
17%
Episode 6: The Last Battle Agamar
16%
Episode 16: Legacy of Mandalore Krownest
13%
Shantipole
12%
Episode 8: Iron Squadron Mykapo
11%
Montross
6%
Takobo
6%
Episode 10: The Future of the Force Chandel
4%
Episode 7: Wings of the Master Ibaar
4%
3 Episode 1-2: Steps into Shadow Naraka
4%
Nixus
4%
PM-1203
4%
Third moon of Concord Dawn
4%
Bahryn
3%
Episode 18: Shroud of Darkness Oosalon
3%
Yarma
3%
Episode 3-4: In the Name of the Rebellion Yavin Prime
3%
Jalindi
2%
Jestefad
2%
Episode 19: Double Agent Droid Killun 71
2%
No matching quizzes found
Score Distribution
Percent of People with Each Score
Percentile by Number Answered
Your Score History
You have not taken this quiz